[Event "SG Kaltern/Tramin-Ehrenburg"]
[Site "?"]
[Date "2014.11.15"]
[Round "2.5"]
[White "Babinetz, Rainer"]
[Black "Bertagnolli, Gerhard"]
[Result "1-0"]
[WhiteElo "1940"]
[BlackElo "1904"]
[PlyCount "83"]
[EventDate "2014.??.??"]

1. d4 Nf6 2. c4 e6 3. Nc3 b6 4. Bg5 Be7 5. Nf3 Bb7 6. e3 O-O 7. Bd3 d6 8. O-O
Nbd7 9. Rc1 Rc8 10. Qe2 e5 11. d5 Nxd5 12. cxd5 Bxg5 13. Nxg5 Qxg5 14. Nb5 Bxd5
15. f4 Qd8 16. Bxh7+ Kxh7 17. Qd3+ Kg8 18. Qxd5 a6 19. Na3 Qe7 20. Rf3 Qe6 21.
Qc6 Nc5 22. b3 exf4 23. exf4 d5 24. Qxe6 fxe6 25. b4 Ne4 26. Rc6 Rf6 27. Nc2
Kf7 28. Ne3 Ke7 29. Ng4 Kd7 30. Ne5+ Kd8 31. g4 Nd2 32. Rh3 Rf8 33. Rxe6 c5 34.
Rd3 Ne4 35. Rxd5+ Kc7 36. Rd7+ Kb8 37. Rxb6+ Ka8 38. Rxa6+ Kb8 39. b5 c4 40.
Nc6+ Rxc6 41. bxc6 c3 42. Rb7+ 1-0

[Event "SG Kaltern/Tramin-Ehrenburg"]
[Site "?"]
[Date "2014.11.15"]
[Round "2.6"]
[White "Thaler, Elmar"]
[Black "Mitterhofer, Martin"]
[Result "0-1"]
[WhiteElo "1795"]
[BlackElo "1562"]
[PlyCount "51"]
[EventDate "2014.??.??"]

1. d4 d5 2. c4 e6 3. Nc3 Nf6 4. Nf3 Be7 5. e3 c6 6. Bd3 Nbd7 7. O-O b6 8. b3
Bb7 9. Bb2 Qc7 10. Rc1 dxc4 11. bxc4 c5 12. Nb5 Qc6 13. d5 exd5 14. cxd5 Nxd5
15. Bxg7 Rg8 16. Nfd4 Qc8 17. Nf5 Qc6 18. Be4 Qxb5 19. Bxd5 Bxd5 20. Qxd5 Rd8
21. Qe4 Ne5 22. Qxe5 Qd7 23. Rcd1 Qb7 24. Nxe7 f6 25. Qe6 Rxg7 26. Nc6+ 0-1

[Event "SG Kaltern/Tramin-Ehrenburg/Hotel Giss "]
[Site "?"]
[Date "2014.11.15"]
[Round "2.1"]
[White "Hengl, Christian"]
[Black "Paltrinieri, Nicholas"]
[Result "0-1"]
[WhiteElo "2176"]
[BlackElo "2153"]
[PlyCount "70"]
[EventDate "2014.??.??"]

1. e4 e6 2. d4 d5 3. e5 c5 4. c3 Qb6 5. Nf3 Nc6 6. a3 Nh6 7. b4 cxd4 8. cxd4
Nf5 9. Bb2 Bd7 10. g4 Nh6 11. h3 f5 12. g5 Nf7 13. Nc3 a5 14. b5 Na7 15. h4 Qd8
16. Qb3 g6 17. Bd3 h6 18. Rg1 hxg5 19. hxg5 Nc8 20. Na4 Rh3 21. Bf1 Rh5 22. Bc1
Nb6 23. Nc5 a4 24. Qa2 Rc8 25. Be3 Bxc5 26. dxc5 Nc4 27. Bxc4 dxc4 28. Qxc4 Rh3
29. Nd2 Nxe5 30. Qd4 Rxc5 31. Rb1 Qa5 32. Kf1 Rd5 33. Qb4 Bxb5+ 34. Kg2 Qxb4
35. axb4 Rxe3 0-1

[Event "SK Deutschnofen - SC Ridnaun"]
[Site "?"]
[Date "2014.11.27"]
[Round "1.1"]
[White "Aigner, Helmuth"]
[Black "Thurner, Markus"]
[Result "1/2-1/2"]
[WhiteElo "1845"]
[BlackElo "1874"]
[PlyCount "57"]
[EventDate "2014.??.??"]

1. e4 e6 2. d4 d5 3. Nc3 Bb4 4. Nge2 Nf6 5. e5 Nfd7 6. a3 Be7 7. b4 b6 8. f4 c5
9. b5 Bb7 10. Be3 Qc7 11. Na4 cxd4 12. Bxd4 Nc5 13. c3 Nbd7 14. Ng3 g6 15. Bd3
h5 16. O-O Nxd3 17. Qxd3 a6 18. Rfb1 axb5 19. Nxb6 Rxa3 20. Rxa3 Bxa3 21. Qxb5
Bc6 22. Qa6 Be7 23. Nxd7 Kxd7 24. Nf1 Ra8 25. Qd3 Ra2 26. Bb6 Qxb6+ 27. Rxb6
Bc5+ 28. Ne3 Bxb6 29. Kf1 1/2-1/2

[Event "SK Ehrenburg/Hotel Gisser - Groeden"]
[Site "?"]
[Date "2014.11.08"]
[Round "1.1"]
[White "Oberrauch, Martin"]
[Black "Flatscher, Tobias"]
[Result "1/2-1/2"]
[WhiteElo "2043"]
[BlackElo "1746"]
[PlyCount "69"]
[EventDate "2014.??.??"]

1. e4 e6 2. d3 d5 3. e5 c5 4. g3 Nc6 5. f4 b6 6. Bg2 Bb7 7. Nf3 Nge7 8. Be3 Qc7
9. O-O g6 10. c3 h5 11. Na3 a6 12. Nc2 Nf5 13. Bf2 Be7 14. h3 Rc8 15. Ne3 Nxe3
16. Bxe3 Bd8 17. d4 cxd4 18. Nxd4 Nxd4 19. Bxd4 Be7 20. b4 Bc6 21. Qd2 Bb5 22.
Rf3 Bc4 23. Qe3 b5 24. a4 Qc6 25. a5 Kd7 26. g4 hxg4 27. hxg4 Rh4 28. Bh3 Rch8
29. Kg2 Bb3 30. Raf1 Bc2 31. Rg3 Be4+ 32. Kh2 Qc4 33. Rd1 R4h7 34. Qd2 Bh4 35.
Re3 1/2-1/2

[Event "SK Ehrenburg/Hotel Gisser - Groeden"]
[Site "?"]
[Date "2014.11.08"]
[Round "1.2"]
[White "Gruber, Alexander"]
[Black "Bernardi, Ruben"]
[Result "0-1"]
[WhiteElo "1763"]
[BlackElo "2035"]
[PlyCount "70"]
[EventDate "2014.??.??"]

1. c4 e5 2. Nc3 Bb4 3. d3 Bxc3+ 4. bxc3 d6 5. g3 f5 6. d4 Qe7 7. Bg2 Nd7 8. Ba3
Ngf6 9. e3 O-O 10. Ne2 Kh8 11. O-O e4 12. Nc1 b6 13. Nb3 Ba6 14. Nd2 c5 15. Qa4
Bb7 16. Rae1 Rf7 17. f4 Ne8 18. Rf2 Nc7 19. Qb3 Rg8 20. Kh1 Nf6 21. Bh3 g6 22.
Qd1 Qf8 23. Rg1 Qh6 24. Bf1 Ng4 25. Re2 g5 26. Qe1 Rfg7 27. h3 Nf6 28. fxg5
Rxg5 29. Qf2 Qg6 30. h4 Rxg3 31. Rxg3 Qxg3 32. Qxg3 Rxg3 33. Kh2 Rg6 (33... Rg4
34. Kh3 Bc8) 34. Kh3 Bc8 35. Rg2 f4+ 0-1

[Event "SK Ehrenburg/Hotel Gisser - Groeden"]
[Site "?"]
[Date "2014.11.08"]
[Round "1.3"]
[White "Moroder, Thomas"]
[Black "Mairhofer, Lino"]
[Result "1-0"]
[WhiteElo "1914"]
[BlackElo "1759"]
[PlyCount "83"]
[EventDate "2014.??.??"]

1. e4 c5 2. Nf3 d6 3. Bb5+ Bd7 4. c4 Bxb5 5. cxb5 Nd7 6. d4 cxd4 7. Nxd4 Ngf6
8. Nc3 g6 9. O-O Bg7 10. Be3 O-O 11. Qe2 Ne5 12. f3 Rc8 13. Rfd1 Nc4 14. Bf2
Nh5 15. g3 Qd7 16. Nd5 e6 17. Ne3 Nxe3 18. Bxe3 f5 19. exf5 gxf5 20. Bf2 e5 21.
Nb3 f4 22. g4 Nf6 23. Nc5 Qe7 24. Ne4 Nxe4 25. Qxe4 Rf6 26. Bh4 Rc5 27. Bxf6
Bxf6 28. b4 Rc3 29. Qd5+ Kg7 30. b6 axb6 31. Rac1 Qc7 32. Rxc3 Qxc3 33. Qxb7+
Kg6 34. Qe4+ Kf7 35. Qxh7+ Bg7 36. Qe4 Bf8 37. g5 Be7 38. h4 Qc8 39. Qh7+ Ke8
40. Qh8+ Bf8 41. Qh5+ Kd8 42. Qf7 1-0

[Event "SK Ehrenburg/Hotel Gisser - Groeden"]
[Site "?"]
[Date "2014.11.08"]
[Round "1.4"]
[White "Mairhofer, Rene"]
[Black "Scola, Matteo"]
[Result "1/2-1/2"]
[WhiteElo "1669"]
[BlackElo "1775"]
[PlyCount "83"]
[EventDate "2014.??.??"]

1. e4 c5 2. Nf3 e6 3. d4 cxd4 4. Nxd4 a6 5. c4 Nf6 6. Bd3 Nc6 7. Nb3 Nb4 8. Nc3
Nxd3+ 9. Qxd3 Qc7 10. f4 d6 11. h3 Bd7 12. Be3 Rc8 13. Nd2 Be7 14. O-O O-O 15.
Kh1 Rfd8 16. f5 Nh5 17. Rf3 Bc6 18. g4 Nf6 19. g5 Nd7 20. f6 Ne5 21. Qe2 Nxf3
22. fxe7 Qxe7 23. Nxf3 b5 24. cxb5 axb5 25. Nd4 b4 26. Nxc6 Rxc6 27. Qb5 Qc7
28. Qxb4 Rb8 29. Qd4 Rc4 30. Qd2 Qb7 31. Qxd6 Rxc3 32. bxc3 Qxe4+ 33. Kh2 Rb2+
34. Bd2 Qe2+ 35. Kg3 Qxd2 36. Qxd2 Rxd2 37. a4 Rd3+ 38. Kf4 Rxc3 39. a5 f6 40.
a6 Rc8 41. a7 Ra8 42. h4 1/2-1/2

[Event "SK Ehrenburg/Hotel Gisser - Groeden"]
[Site "?"]
[Date "2014.11.08"]
[Round "1.5"]
[White "Grossi, Christian"]
[Black "Falkensteiner, Benjamin"]
[Result "1-0"]
[WhiteElo "1728"]
[BlackElo "1506"]
[PlyCount "81"]
[EventDate "2014.??.??"]

1. d4 Nf6 2. c4 g6 3. Nc3 d5 4. cxd5 Nxd5 5. e4 Nxc3 6. bxc3 Bg7 7. Nf3 O-O 8.
Bc4 c5 9. O-O Nc6 10. Bd5 Na5 11. Ba3 c4 12. Nd2 Qc7 13. Qe2 Be6 14. Bxe6 fxe6
15. e5 b5 16. Qg4 Qc6 17. Bxe7 Rf7 18. Ba3 Bh6 19. Ne4 Rf5 20. Nd6 Bf8 21. Qe2
Bxd6 22. Bxd6 Nb7 23. Be7 Nd8 24. Bf6 a5 25. Rac1 Nf7 26. f4 Rh5 27. Rf3 Rf8
28. g4 Rh6 29. Qe3 b4 30. cxb4 axb4 31. Rg3 c3 32. f5 Ra8 33. Bg5 Rxh2 34. Kxh2
Rxa2+ 35. Kg1 c2 36. fxg6 hxg6 37. Be7 Ra3 38. Qf2 Ra1 39. Rxa1 c1=Q+ 40. Rxc1
Qxc1+ 41. Kg2 1-0

[Event "SK Ehrenburg/Hotel Gisser - Groeden"]
[Site "?"]
[Date "2014.11.08"]
[Round "1.6"]
[White "Messner, Alex"]
[Black "Dejori, David"]
[Result "1/2-1/2"]
[WhiteElo "1601"]
[BlackElo "1496"]
[PlyCount "24"]
[EventDate "2014.??.??"]

1. c4 c5 2. g3 Nc6 3. Bg2 Nf6 4. Nc3 g6 5. e3 Bg7 6. Nge2 O-O 7. O-O d6 8. d3
Bf5 9. a3 Rb8 10. f4 e5 11. Nd5 Qd7 12. Ndc3 Bh3 1/2-1/2

[Event "SK Gries-SG Kaltern/Tramin"]
[Site "?"]
[Date "2014.11.08"]
[Round "1.1"]
[White "Paltrinieri, Nicholas"]
[Black "Spornberger, Maximilian"]
[Result "0-1"]
[WhiteElo "2289"]
[BlackElo "2153"]
[PlyCount "57"]
[EventDate "2014.??.??"]

1. d4 g6 2. c4 Bg7 3. e4 d6 4. Nc3 Nf6 5. f4 O-O 6. Nf3 c5 7. d5 a6 8. Bd3 b5
9. O-O bxc4 10. Bxc4 Nbd7 11. Bb3 Nb6 12. e5 Ne8 13. Be3 Bb7 14. Qe2 Nc7 15.
Rad1 a5 16. Qc2 Na6 17. exd6 exd6 18. Qf2 a4 19. Nxa4 Nxa4 20. Bxa4 Nb4 21. Bb3
Ba6 22. f5 Bxf1 23. Rxf1 Qf6 24. Ng5 gxf5 25. Qg3 Rae8 26. a3 Qxb2 27. Bf4 Qd4+
28. Kh1 Nd3 29. Nh3 0-1

[Event "SK Gries-SG Kaltern/Tramin"]
[Site "?"]
[Date "2014.11.08"]
[Round "1.2"]
[White "Spornberger, Andre"]
[Black "Bertagnolli, Alexander"]
[Result "0-1"]
[WhiteElo "2122"]
[BlackElo "2315"]
[PlyCount "45"]
[EventDate "2014.??.??"]

1. e4 Nc6 2. Nf3 f5 3. exf5 d5 4. Bb5 Bxf5 5. Ne5 a6 6. Bxc6+ bxc6 7. d4 Nf6 8.
O-O g6 9. Re1 Qd6 10. b3 Nd7 11. g4 Be6 12. Ba3 c5 13. dxc5 Qxe5 14. Rxe5 Nxe5
15. Bb2 Bg7 16. Kf1 Bxg4 17. Qc1 O-O 18. Nc3 Bh3+ 19. Ke2 c6 20. f4 Nd7 21. Qd2
e5 22. Re1 Rxf4 23. Nxd5 0-1

[Event "SK Gries-SG Kaltern/Tramin"]
[Site "?"]
[Date "2014.11.08"]
[Round "1.3"]
[White "Panjkovic, Aleksandar"]
[Black "Fongarolli, Diego"]
[Result "1-0"]
[WhiteElo "1944"]
[BlackElo "2112"]
[PlyCount "104"]
[EventDate "2014.??.??"]

1. c4 e5 2. g3 Nf6 3. Bg2 d5 4. cxd5 Nxd5 5. Nc3 Nb6 6. Nf3 Nc6 7. O-O Be7 8.
b3 O-O 9. Bb2 Be6 10. Rc1 f5 11. d3 Bf6 12. Qc2 Nd4 13. Qb1 c6 14. Rfe1 Nxf3+
15. Bxf3 Qd6 16. Qa1 a5 17. Nb1 Rfe8 18. Na3 a4 19. Nc4 Bxc4 20. bxc4 a3 21.
Bc3 Na4 22. Bg2 Kh8 23. Qb1 Nxc3 24. Rxc3 e4 25. Rb3 exd3 26. Rxd3 Qc5 27. Qxb7
Qxc4 28. Bxc6 Rab8 29. Bd5 Qc2 30. Re3 Red8 31. Qc6 Qd2 32. Rc1 Qxd5 33. Re8+
Rxe8 34. Qxd5 Rxe2 35. Qxf5 Rbe8 36. Rc8 h6 37. Rxe8+ Rxe8 38. Qd3 Bb2 39. f4
Re1+ 40. Kg2 Ra1 41. Qd5 Rc1 42. Kf3 Re1 43. Kg4 Rc1 44. Kh5 Kh7 45. Qe4+ Kh8
46. Kg6 Rc8 47. g4 Rd8 48. g5 Rd6+ 49. Kh5 hxg5 50. Qe8+ Kh7 51. fxg5 g6+ 52.
Kg4 Rd4+ 1-0

[Event "SK Gries-SG Kaltern/Tramin"]
[Site "?"]
[Date "2014.11.08"]
[Round "1.4"]
[White "Zammarchi, Massimo"]
[Black "Bertagnolli, Gerhard"]
[Result "1/2-1/2"]
[WhiteElo "1909"]
[BlackElo "1904"]
[PlyCount "129"]
[EventDate "2014.??.??"]

1. e4 c5 2. Nf3 e6 3. d4 cxd4 4. Nxd4 a6 5. Nc3 Qc7 6. Bd3 Nf6 7. O-O d6 8. f4
Nbd7 9. Nf3 b5 10. a3 Bb7 11. Qe1 Nc5 12. Kh1 Be7 13. Bd2 O-O 14. Rc1 Rac8 15.
b4 Nxd3 16. cxd3 Qb8 17. Qg3 Rfd8 18. Nd4 Rc7 19. Nce2 Rdc8 20. Rxc7 Rxc7 21.
e5 Nh5 22. Qg4 g6 23. Ng3 Nxg3+ 24. Qxg3 Qd8 25. f5 Bh4 26. Qg4 h5 27. Qe2 dxe5
28. fxg6 Qxd4 29. Qxh5 f5 30. g7 Bxg2+ 31. Kxg2 Rxg7+ 32. Kh1 Qg4 33. Qxg4 Rxg4
34. Rg1 Rxg1+ 35. Kxg1 Kf7 36. Kg2 Kg6 37. Kf3 Bf6 38. Be1 Kh5 39. Bf2 Bg5 40.
Bg3 Bc1 41. Bxe5 Bxa3 42. Bc3 Bc1 43. Be1 Kg5 44. h3 Bb2 45. Kg3 Be5+ 46. Kf3
Bd4 47. Kg3 Kf6 48. Kf4 Bb2 49. Bh4+ Kg6 50. Be1 e5+ 51. Kf3 Kf6 52. Bd2 Ke6
53. Kf2 Kd5 54. Ke3 Bd4+ 55. Ke2 e4 56. dxe4+ Kxe4 57. h4 f4 58. h5 f3+ 59. Kf1
Kf5 60. h6 Kg6 61. Ke1 Kh7 62. Kf1 Kg6 63. Ke1 Kf5 64. Kf1 Ke4 65. Bg5 1/2-1/2

[Event "SK Gries-SG Kaltern/Tramin"]
[Site "?"]
[Date "2014.11.08"]
[Round "1.5"]
[White "Dallaglio, Giovanni"]
[Black "Niederstaetter, Harald"]
[Result "1/2-1/2"]
[WhiteElo "1920"]
[BlackElo "1845"]
[PlyCount "44"]
[EventDate "2014.??.??"]

1. d4 g6 2. c4 Bg7 3. Nf3 d6 4. Nc3 Bg4 5. g3 Bxf3 6. exf3 Nc6 7. Be3 e5 8. d5
Nb8 9. Bg2 Nd7 10. O-O Ne7 11. f4 Nf5 12. Qd2 O-O 13. Rad1 a5 14. b3 Re8 15.
fxe5 Nxe3 16. Qxe3 Rxe5 17. Qd2 Qe7 18. Rfe1 Re8 19. Rxe5 Nxe5 20. Nb5 Ng4 21.
h3 Nh6 22. Qxa5 b6 1/2-1/2

[Event "SK Gries-SG Kaltern/Tramin"]
[Site "?"]
[Date "2014.11.08"]
[Round "1.6"]
[White "Mair, Christoph"]
[Black "Thaler, Elmar"]
[Result "0-1"]
[WhiteElo "1928"]
[BlackElo "1795"]
[PlyCount "122"]
[EventDate "2014.??.??"]

1. d4 c6 2. Nf3 d5 3. e3 Bg4 4. c4 e6 5. Qb3 Qc7 6. Nc3 Bxf3 7. gxf3 Nf6 8. e4
dxc4 9. Bxc4 Nbd7 10. Be3 a5 11. Rc1 Nh5 12. e5 Nb6 13. Nb5 Qd7 14. Nd6+ Bxd6
15. Qxb6 Be7 16. Ke2 g6 17. Rhd1 O-O 18. Bh6 Rfe8 19. Rc3 Ng7 20. Bxg7 Kxg7 21.
Ke3 Bd8 22. Qb3 Qe7 23. Bd3 f6 24. f4 a4 25. Qa3 Qd7 26. Qc5 Ra5 27. Qb4 Qc7
28. Be4 Be7 29. Qc4 Qb6 30. b3 fxe5 31. fxe5 Bg5+ 32. f4 Bd8 33. Rb1 Rb5 34.
Qxa4 Ra5 35. Qc4 Rxa2 36. Rc2 Qa7 37. Rbc1 Ra3 38. Rc3 Bb6 39. Rd1 Kf7 40. f5
gxf5 41. Bxf5 Ra2 42. Bg4 Rxh2 43. Qf1+ Ke7 44. Qf6+ Kd7 45. Qf7+ Kd8 46. Bxe6
Rxe6 47. Qxe6 Qa2 48. Qf6+ Kc8 49. Qf3 Qb2 50. Qf8+ Bd8 51. Qf5+ Kc7 52. Rdd3
Qe2+ 53. Kf4 Qf2+ 54. Rf3 Rh4+ 55. Qg4 Rxg4+ 56. Kxg4 Qh4+ 57. Kf5 Qxd4 58.
Rcd3 Qc5 59. Rh3 Qf8+ 60. Ke6 Qg8+ 61. Kf5 Qg6+ 0-1

[Event "SK Klausen - J.Richter/Lask BZ "]
[Site "?"]
[Date "2014.11.08"]
[Round "1.1"]
[White "De Eccher, Stefano"]
[Black "Schacher, Gerd"]
[Result "1/2-1/2"]
[WhiteElo "2233"]
[BlackElo "2323"]
[PlyCount "61"]
[EventDate "2014.??.??"]

1. e4 g6 2. d4 Bg7 3. Nc3 c5 4. dxc5 Bxc3+ 5. bxc3 Nf6 6. Qd4 Nc6 7. Qe3 Qa5 8.
Bd2 b6 9. cxb6 Qxb6 10. Qxb6 axb6 11. Bd3 Ra4 12. f3 Ba6 13. Nh3 Ne5 14. Ke2 d5
15. exd5 Nxd5 16. Rhb1 Kd7 17. Bxa6 Rxa6 18. Nf4 e6 19. Nxd5 exd5 20. Rb4 Re8
21. Kf2 Nc4 22. Bc1 Rea8 23. a4 Ra5 24. Be3 b5 25. Rd1 Nxe3 26. Kxe3 bxa4 27.
c4 a3 28. cxd5 a2 29. Ra1 Rxd5 30. Rb2 Ra3+ 31. Rb3 1/2-1/2

[Event "SK Klausen - J.Richter/Lask BZ "]
[Site "?"]
[Date "2014.11.08"]
[Round "1.2"]
[White "Seebacher, Reinhard"]
[Black "Moncher, Stefano"]
[Result "1-0"]
[WhiteElo "1870"]
[BlackElo "2182"]
[PlyCount "85"]
[EventDate "2014.??.??"]

1. d4 f5 2. g3 Nf6 3. Bg2 g6 4. Nf3 Bg7 5. O-O O-O 6. c4 d6 7. Nc3 c6 8. d5 Kh8
9. e4 fxe4 10. Ng5 Qb6 11. Ngxe4 Nxe4 12. Nxe4 Bf5 13. Be3 Qxb2 14. Rb1 Qxa2
15. Rxb7 Qxc4 16. Rxe7 Bxe4 17. Bxe4 c5 18. Qg4 a5 19. Qh3 h5 20. Qe6 Bf6 21.
Re8 Nd7 22. Rxa8 Rxa8 23. Bxg6 Qg4 24. Bf5 Qg7 25. Qxd7 Qxd7 26. Bxd7 a4 27.
Bc6 Ra6 28. Bb5 Ra5 29. Bc4 a3 30. Bf4 a2 31. Bxa2 Rxa2 32. Bxd6 c4 33. Bf4 c3
34. d6 Kg8 35. d7 Kf7 36. Be5 Rd2 37. Bxf6 Kxf6 38. Rc1 Rxd7 39. Rxc3 Rd5 40.
Kg2 Ra5 41. Rc6+ Kf5 42. h4 Rb5 43. Rh6 1-0

[Event "SK Klausen - J.Richter/Lask BZ "]
[Site "?"]
[Date "2014.11.08"]
[Round "1.3"]
[White "Zucchelli, Massimo"]
[Black "Schrott, Ernst"]
[Result "1-0"]
[WhiteElo "2190"]
[BlackElo "1897"]
[PlyCount "83"]
[EventDate "2014.??.??"]

1. d4 d5 2. c4 dxc4 3. e3 Nf6 4. Bxc4 e6 5. Nf3 c5 6. O-O Nc6 7. Qe2 cxd4 8.
Rd1 Bd6 9. exd4 O-O 10. Nc3 a6 11. Bg5 Re8 12. Ne5 Be7 13. Nxc6 bxc6 14. Rac1
Nd5 15. Bxe7 Qxe7 16. Ne4 a5 17. a3 Bd7 18. Ba2 Reb8 19. g3 Rb6 20. Nc5 Rab8
21. Rc2 Be8 22. Rdd2 Qg5 23. Nd3 h5 24. f4 Qf6 25. Ne5 h4 26. Qe4 Qe7 27. Re2
Nf6 28. Qe3 Nd5 29. Qd3 Qf6 30. Nc4 Rb5 31. Nd6 R5b6 32. Nxe8 Rxe8 33. Bxd5
cxd5 34. Rc5 a4 35. Rec2 Rb3 36. R5c3 g6 37. Rxb3 axb3 38. Rc3 Rb8 39. Kg2 hxg3
40. hxg3 Qf5 41. Qxf5 gxf5 42. Rc7 1-0

[Event "SK Klausen - J.Richter/Lask BZ "]
[Site "?"]
[Date "2014.11.08"]
[Round "1.4"]
[White "Seebacher, Michael"]
[Black "Billio, Atto"]
[Result "1/2-1/2"]
[WhiteElo "1575"]
[BlackElo "2017"]
[PlyCount "115"]
[EventDate "2014.??.??"]

1. e4 c5 2. Nf3 e6 3. Be2 Nf6 4. Nc3 Nc6 5. O-O d5 6. exd5 Nxd5 7. Nxd5 Qxd5 8.
c3 Be7 9. d4 cxd4 10. cxd4 O-O 11. Be3 Rd8 12. Qa4 Bd7 13. Qc4 Nb4 14. Qxd5
Nxd5 15. Rac1 Rac8 16. Ne5 Be8 17. a3 Nxe3 18. fxe3 Bg5 19. Kf2 Bh4+ 20. g3 Bf6
21. Nd3 Be7 22. Ne5 Bd6 23. Nc4 Bc7 24. Bf3 b5 25. Nd2 Bb6 26. Bb7 Rb8 27. Bc6
e5 28. Bxe8 Rxe8 29. Nf3 exd4 30. Nxd4 Re4 31. Rcd1 Rbe8 32. Rfe1 g6 33. Re2 h5
34. Kf3 a6 35. Nc2 R4e6 36. Rd3 Rf6+ 37. Kg2 Rc8 38. Red2 Ba5 39. Re2 Rc4 40.
h3 Bb6 41. Red2 Ba5 42. Re2 Rfc6 43. Nd4 Rd6 44. Kf3 Bc7 45. Red2 Ba5 46. Re2
b4 47. Rb3 Rf6+ 48. Kg2 bxa3 49. Rxa3 Bb4 50. Ra4 a5 51. Nb3 Rf5 52. Nd4 Re5
53. Nc2 f5 54. Kf3 g5 55. Ra1 Kf7 56. Rd1 Ke7 57. Nd4 Kf6 58. Nc2 1/2-1/2

[Event "SK Klausen - J.Richter/Lask BZ "]
[Site "?"]
[Date "2014.11.08"]
[Round "1.5"]
[White "Rigo, Gianfrancesco"]
[Black "Sigmund, Ingenuin"]
[Result "0-1"]
[WhiteElo "1895"]
[BlackElo "1772"]
[PlyCount "53"]
[EventDate "2014.??.??"]

1. e4 e6 2. d4 d5 3. Nc3 Bb4 4. e5 c5 5. Bd2 a6 6. Qg4 Ne7 7. Nf3 cxd4 8. Nxd4
Ng6 9. Nxe6 Bxc3 10. Qa4+ Bd7 11. Nxg7+ Kf8 12. Qa3+ Kxg7 13. Bxc3 Be6 14.
O-O-O Re8 15. g3 Nc6 16. f4 Qb6 17. Bg2 d4 18. Bxc6 Qxc6 19. Bxd4 b5 20. Rhf1
Bf5 21. Bc3 Kg8 22. Qa5 Qg2 23. Bd2 Rec8 24. g4 Qxg4 25. c3 Qe2 26. b3 Rd8 27.
Qa3 0-1

[Event "SK Klausen - J.Richter/Lask BZ "]
[Site "?"]
[Date "2014.11.08"]
[Round "1.6"]
[White "Blasbichler, Robert"]
[Black "Kowalczyk, Martin"]
[Result "1-0"]
[WhiteElo "1603"]
[BlackElo "1822"]
[PlyCount "125"]
[EventDate "2014.??.??"]

1. e4 d6 2. d4 Nf6 3. Nc3 g6 4. Nf3 Bg7 5. Be2 O-O 6. O-O Bg4 7. h3 Bxf3 8.
Bxf3 c6 9. Be3 Nbd7 10. Qd2 Re8 11. Bh6 Bh8 12. Be2 b5 13. a3 a5 14. Bd3 Nb6
15. b3 Nfd7 16. Ne2 Qc7 17. Rac1 a4 18. b4 e5 19. c3 d5 20. f3 Nc4 21. Bxc4
dxc4 22. Be3 Rad8 23. Qe1 Nf8 24. Rd1 Rd7 25. Qf2 Red8 26. Rc1 Ne6 27. d5 cxd5
28. exd5 Rxd5 29. Bb6 Qc8 30. Bxd8 Qxd8 31. Qe1 f5 32. Rd1 Rd3 33. Nc1 Qb6+ 34.
Kh1 Re3 35. Qd2 Bf6 36. Rfe1 Bg5 37. Rxe3 Bxe3 38. Qd5 Bxc1 39. Rxc1 e4 40.
fxe4 f4 41. Rd1 Kg7 42. h4 f3 43. Qe5+ Kh6 44. Qg3 fxg2+ 45. Qxg2 Qe3 46. Qd2
Qxd2 47. Rxd2 Nf4 48. Kh2 g5 49. hxg5+ Kxg5 50. Kg3 Nd3 51. Kf3 h5 52. Rg2+ Kf6
53. Ke3 Ne1 54. Rf2+ Kg5 55. Rf5+ Kg4 56. Rf2 Kg3 57. e5 Ng2+ 58. Rxg2+ Kxg2
59. e6 h4 60. e7 h3 61. e8=Q h2 62. Qxb5 h1=Q 63. Qc6+ 1-0

[Event "SK Steinegg/Raiffeisen - SK Niederdorf "]
[Site "?"]
[Date "2014.11.08"]
[Round "1.1"]
[White "Obersteiner, Stefan"]
[Black "Engl, Stefan"]
[Result "0-1"]
[WhiteElo "1699"]
[BlackElo "1908"]
[PlyCount "96"]
[EventDate "2014.??.??"]

1. d4 e6 2. c4 f5 3. Nc3 Nf6 4. Nf3 Bb4 5. Bd2 b6 6. e3 Bb7 7. Be2 O-O 8. a3
Bxc3 9. Bxc3 Ne4 10. Qc2 d6 11. O-O Nd7 12. Rad1 Rf6 13. Ne1 Rh6 14. f3 Qh4 15.
h3 Ng5 16. Rf2 Qg3 17. Kf1 Nf6 18. Nd3 Rf8 19. Nf4 Re8 20. Nd3 Nf7 21. b4 g5
22. Ke1 e5 23. dxe5 dxe5 24. Bf1 e4 25. Nc1 exf3 26. gxf3 Rxe3+ 27. Ne2 Bxf3
28. Bxf6 Rxf6 29. Rd3 Rfe6 30. Rxe3 Rxe3 31. Qxf5 Nd6 32. Qf6 Rxe2+ 33. Bxe2
Qxf2+ 34. Kxf2 Ne4+ 35. Kxf3 Nxf6 36. Bd3 Kf7 37. Bf5 c5 38. Ke3 Ke7 39. Bc2
Kd6 40. Bd1 Ke5 41. Bf3 h5 42. Bg2 g4 43. hxg4 Nxg4+ 44. Kd3 h4 45. Bd5 h3 46.
Kc3 h2 47. a4 Nf2 48. a5 Ne4+ 0-1

[Event "SC SSV Bruneck-Groeden"]
[Site "?"]
[Date "2014.11.29"]
[Round "3.1"]
[White "Moroder, Stephan"]
[Black "Luciani, Valerio"]
[Result "1/2-1/2"]
[WhiteElo "2146"]
[BlackElo "2129"]
[PlyCount "122"]
[EventDate "2014.??.??"]

1. c4 e5 2. g3 Nf6 3. Bg2 c6 4. d4 exd4 5. Qxd4 d5 6. Bg5 Be7 7. cxd5 cxd5 8.
Nf3 Nc6 9. Qa4 O-O 10. O-O Qb6 11. Qb3 Qxb3 12. axb3 Be6 13. Nc3 a6 14. Rfd1
Rfd8 15. Nd4 Nxd4 16. Rxd4 h6 17. Bf4 Bc5 18. Rdd1 Rd7 19. e3 Rad8 20. Be5 Ng4
21. Bd4 Bxd4 22. exd4 Nf6 23. Na4 Rd6 24. Rac1 Bd7 25. Nc5 Rb6 26. Rd3 Rb4 27.
Re1 Bb5 28. Rd2 b6 29. Na4 Bxa4 30. bxa4 Rxa4 31. Re7 Ra1+ 32. Bf1 Rc8 33. Kg2
Ne4 34. Re2 Rcc1 35. f3 Rxf1 36. fxe4 Rfe1 37. exd5 Rxe2+ 38. Rxe2 Ra5 39. Re8+
Kh7 40. Ra8 Rxd5 41. Rxa6 Rb5 42. Kf3 Kg6 43. b4 Kf5 44. Ra4 Ke6 45. Ke4 f5+
46. Kd3 Kd5 47. Ra7 g5 48. Kc3 f4 49. gxf4 gxf4 50. Re7 Kd6 51. Rf7 Rh5 52.
Rxf4 Rxh2 53. Kc4 Rh5 54. Rf6+ Kc7 55. b5 Rh1 56. Rc6+ Kb7 57. Rg6 Rh5 58. Rg7+
Kc8 59. Rh7 Kb8 60. Rh8+ Kc7 61. Rh7+ Kb8 1/2-1/2

[Event "SC SSV Bruneck-Groeden"]
[Site "?"]
[Date "2014.11.29"]
[Round "3.2"]
[White "Moling, Patrick"]
[Black "Oberrauch, Martin"]
[Result "1/2-1/2"]
[WhiteElo "2089"]
[BlackElo "2043"]
[PlyCount "73"]
[EventDate "2014.??.??"]

1. e4 Nf6 2. e5 Nd5 3. d4 d6 4. Nf3 Nc6 5. Be2 dxe5 6. dxe5 Bg4 7. O-O e6 8.
Re1 Be7 9. a3 O-O 10. h3 Bh5 11. b3 Qe8 12. c4 Nb6 13. Bb2 Rd8 14. Qc1 f6 15.
exf6 Bxf6 16. Bxf6 Rxf6 17. Qe3 Bxf3 18. Bxf3 Nd4 19. Be4 a5 20. Nd2 Qf8 21.
Ra2 a4 22. b4 Nf5 23. Qc3 Nd4 24. Nf3 c5 25. Bxb7 Nxf3+ 26. Bxf3 Rd4 27. Re4
Rf4 28. Rxf4 Qxf4 29. g3 Rxc4 30. Qd3 Qd4 31. Qe2 Kf7 32. Rd2 Rc1+ 33. Kg2 Qc4
34. Qxc4 Nxc4 35. Rd7+ Kf6 36. bxc5 Nxa3 37. Ra7 1/2-1/2

[Event "SC SSV Bruneck-Groeden"]
[Site "?"]
[Date "2014.11.29"]
[Round "3.3"]
[White "Bernardi, Ruben"]
[Black "Glueck, Alexander"]
[Result "1-0"]
[WhiteElo "2035"]
[BlackElo "1953"]
[PlyCount "97"]
[EventDate "2014.??.??"]

1. e4 d6 2. d4 Nf6 3. Nc3 c6 4. f4 Qa5 5. e5 Ne4 6. Qf3 f5 7. Bd3 d5 8. Nge2 e6
9. O-O c5 10. Bxe4 dxe4 11. Qf2 cxd4 12. Nxd4 Bd7 13. Be3 Bb4 14. Nce2 O-O 15.
Nb3 Qa6 16. c3 Be7 17. Rfd1 Bb5 18. Ned4 Bd3 19. Nc1 Bb5 20. a4 Bc4 21. b3 Bd3
22. Nxd3 exd3 23. Nb5 Qc6 24. Rxd3 a6 25. Nd6 Bxd6 26. exd6 Nd7 27. Bd4 b5 28.
Qg3 g6 29. Re1 Rae8 30. axb5 axb5 31. Be5 Rf7 32. Qe3 Nc5 33. Rd4 Nxb3 34. Rb4
Nc5 35. Reb1 Rb7 36. Qd4 Ne4 37. h3 Ra8 38. Kh2 Ra2 39. R4b2 Rxb2 40. Rxb2 Rd7
41. Qd3 Rb7 42. Ra2 Rd7 43. Rb2 Rb7 44. Rb4 Kf7 45. c4 bxc4 46. Rxc4 Qd7 47.
Qa3 h5 48. Qa8 Nxd6 49. Bxd6 1-0

[Event "SC SSV Bruneck-Groeden"]
[Site "?"]
[Date "2014.11.29"]
[Round "3.5"]
[White "Scola, Matteo"]
[Black "Balzarini, Franco"]
[Result "1/2-1/2"]
[WhiteElo "1775"]
[BlackElo "1729"]
[PlyCount "81"]
[EventDate "2014.??.??"]

1. d4 d5 2. c4 e6 3. Nc3 Nf6 4. Nf3 Be7 5. g3 O-O 6. Bg2 c5 7. cxd5 Nxd5 8. e4
cxd4 9. Nxd5 exd5 10. O-O dxe4 11. Nxd4 Bf6 12. Be3 Bxd4 13. Bxd4 Nc6 14. Bc3
Qxd1 15. Rfxd1 Bg4 16. Rd5 f5 17. Bxe4 Rad8 18. Bg2 Bh5 19. Re1 Rxd5 20. Bxd5+
Bf7 21. Bxc6 bxc6 22. Re7 a6 23. f3 Ra8 24. Rc7 g6 25. a3 Re8 26. Kf2 Re6 27.
Ra7 c5 28. Rc7 c4 29. Rxc4 Re2+ 30. Kxe2 Bxc4+ 31. Ke3 Bd5 32. f4 Kf7 33. Kd4
Ke6 34. Kc5 Bb3 35. Kb6 Bc4 36. b4 Kd7 37. a4 Kc8 38. Be5 Bd3 39. Kc6 Be4+ 40.
Kd6 Kb7 41. Bd4 1/2-1/2